Geography Quiz

Random Geography or City Quiz

US City by Bus Quiz Stats

Quiz Updated May 16, 2015

Challenge
Share
Tweet
Score 0/20 Timer 05:00
16 Plays Today
% Correct
New York
99.4%
Los Angeles
85.1%
Nashville
78.6%
Buffalo
75.5%
Philadelphia
71.8%
Washington, D.C.
71.5%
Boston
70.9%
Las Vegas
64.6%
Little Rock
63.4%
St. Louis
63.3%
% Correct
Miami
61.6%
Portland
61%
Chicago
58.3%
Honolulu
56.6%
Atlanta
49.9%
San Francisco
48%
Seattle
43.7%
Minneapolis-St. Paul
40%
Cincinnati
26.5%
San Diego
26.1%

You're not logged in!

Compare scores with friends on all Sporcle quizzes.
Join for Free
OR
Log In

You Might Also Like...

Show Comments

Extras

Top Quizzes Today


Score Distribution

Your Account Isn't Verified!

In order to create a playlist on Sporcle, you need to verify the email address you used during registration. Go to your Sporcle Settings to finish the process.

Report this User

Report this user for behavior that violates our Community Guidelines.

Details: